header

L-system fractals (Record no. 133570)

MARC details
000 -LEADER
fixed length control field 01341nam a2200361Ia 4500
082 04 - DEWEY DECIMAL CLASSIFICATION NUMBER
Classification number 006.3/7
100 1# - MAIN ENTRY--AUTHOR NAME
Personal name Mishra, Jibitesh.
245 10 - TITLE STATEMENT
Title L-system fractals
260 ## - PUBLICATION, DISTRIBUTION, ETC. (IMPRINT)
Place of publication Amsterdam ;
-- Boston, MA :
Name of publisher Elsevier B. V.,
Year of publication 2007.
300 ## - PHYSICAL DESCRIPTION
Number of Pages xiii, 258 p.
490 1# - SERIES STATEMENT
Series statement Mathematics in science and engineering ;
650 #0 - SUBJECT ADDED ENTRY--TOPICAL TERM
Topical Term Computer vision.
Topical Term L systems.
Topical Term Fractals.
700 1# - ADDED ENTRY--PERSONAL NAME
Personal name Mishra, S. N.
856 40 - ELECTRONIC LOCATION AND ACCESS
Uniform Resource Identifier http://site.ebrary.com/lib/rucke/Doc?id=10160297

No items available.

© 2026 Rongo University
Contact us: librarian | system librarian | Rongo university